"el Cavallero Zifar" y el reino lejano /
Guardado en:
| Autor Principal: | |
|---|---|
| Formato: | Libro |
| Publicado: |
Madrid :
Gredos,
1984.
|
| Materias: | |
| Etiquetas: |
Agregar Etiqueta
Sin Etiquetas, Sea el primero en etiquetar este registro!
|
| LEADER | 00573nam a22001695a 4500 | ||
|---|---|---|---|
| 001 | EHU.bham044406 | ||
| 008 | 130507s1984##################000#0#####d | ||
| 005 | 20231106080626.0 | ||
| 245 | 1 | 0 | |a "el Cavallero Zifar" y el reino lejano / |c Cristina González. |
| 260 | |a Madrid : |b Gredos, |c 1984. | ||
| 300 | |a 157 p. | ||
| 020 | |a 8424909291 | ||
| 100 | 1 | |a González, Cristina, ed. | |
| 082 | 8 | 6 | |a 863.107 G569 |
| 653 | |a Literatura española medieval-estudios sobre | ||
| 653 | |a Novela española medieval-estudios sobre | ||
| 859 | |a AR-BHAM |b BIB. HUMANIDADES - General |h 863.107 |i G569 |p 624.16 |t Ej.1 | ||
